The Ulysses S. Grant Presidency - Statistics

General Stats
  • This quiz has been taken 514 times
  • The average score is 13 of 20
Answer Stats
Hint Answer % Correct
War he served in as Commanding General of the Union {Civil} War
92%
His political party Republican
92%
Hate group that was vigorously prosecuted by the newly-formed Department of Justice Ku Klux Klan
86%
Early activist movement led by Susan B. Anthony and Elizabeth Cady Stanton {Women's} Suffrage
83%
Era of the United States that he was President during Reconstruction
81%
Fifteenth Amendment prohibited denying this right based on a citizen's race Voting
79%
Members of this religious group were arrested for polygamy Mormons
76%
World's first national park, established in 1872 Yellowstone
76%
Religious festival that was signed into legislation to become a legal public holiday Christmas
72%
His home state Ohio
71%
Caribbean country Grant attempted to annex Dominican Republic
69%
His first name Hiram
66%
Native American tribe that defeated Lt. Col. Custer's troops in Montana Sioux
55%
Author who convinced Grant to write an autobiography Mark Twain
50%
Reason for why Grant was stopped by the police in 1872 Speeding
49%
Name of his wife (hint: starts with J) Julia
48%
What the 'S' stands for Simpson
46%
Civil Rights activist who Grant sent to above country Frederick Douglass
43%
Vice Presidents who served under him Schuyler Colfax
34%
Vice Presidents who served under him Henry Wilson
27%
No matching quizzes found
Score Distribution
Percent of People with Each Score
Percentile by Number Answered
Your Score History
You have not taken this quiz